| 000 | 01101nam a2200193Ia 4500 | ||
|---|---|---|---|
| 008 | 220216s9999 xx 000 0 und d | ||
| 100 | _aJiao C | ||
| 245 | 0 | _aSynegistic effects of zinc oxide in intumescent flame retardant silicone rubber composites | |
| 260 |
_bPlastics,Rubber and Composites _c2013 |
||
| 300 | _a374-378 | ||
| 520 | _aThe synergistic effects of zinc oxide(ZnO) with intumescent flame retardant(IFR; based on phosphorus acid, melamine pentaerythritol) in silicone rubber(SR) composites have been studied using limiting oxygen index, UL-94, cone calorimeter test and digital photographs.The results showed that 2.0 wt-;loading ZnO in the flame retardant SR composites could greatly reduce the peak values of heat release rate and smoke production rate, and form a compact char layer on the surface of the sample. Thus, a suitable amount of ZnO plays a synergistic effect with IFR in flame retardant SR composites system. | ||
| 650 | _aFlame retardant | ||
| 650 | _aIFR | ||
| 650 | _aSilicone rubber | ||
| 650 | _aZnO | ||
| 700 | _aChen X | ||
| 700 | _aZhuo J | ||
| 942 | _cJS | ||
| 999 |
_c70113 _d70113 |
||